Mấy vấn đề về bảng chữ cái Tiếng Việt trong chương trình tiểu học /
Kaydedildi:
| Yazar: | |
|---|---|
| Materyal Türü: | Makale |
| Dil: | Vietnamese |
| Konular: | |
| Etiketler: |
Etiketle
Etiket eklenmemiş, İlk siz ekleyin!
|
| Thư viện lưu trữ: | Thư viện Trường Đại học Đà Lạt |
|---|
| LEADER | 00820nam a2200265 4500 | ||
|---|---|---|---|
| 001 | DLU180186514 | ||
| 005 | ##20180829 | ||
| 040 | # | # | |a DLU |b vie |
| 041 | # | # | |a vie |
| 044 | # | # | |a vn |
| 100 | # | # | |a Nguyễn Tiến Dũng. |
| 245 | # | # | |a Mấy vấn đề về bảng chữ cái Tiếng Việt trong chương trình tiểu học / |c Nguyễn Tiến Dũng. |
| 653 | # | # | |a Bảng chữ cái |
| 653 | # | # | |a Chương trình tiểu học |
| 653 | # | # | |a Tiếng Việt |
| 773 | # | # | |t Tạp chí dạy và học ngày nay |g Số 1, 2015, tr. 32-33 |
| 920 | # | # | |a Phòng Tạp chí -- Trung tâm Thông tin - Thư viện Trường Đại học Đà Lạt |
| 994 | # | # | |a DLU |
| 900 | # | # | |a True |
| 911 | # | # | |a Trần Thị Minh Hương |
| 925 | # | # | |a G |
| 926 | # | # | |a A |
| 927 | # | # | |a BB |
| 980 | # | # | |a Thư viện Trường Đại học Đà Lạt |